| Registos Bibliográficos associados ao registo de autoridade |
|
Etiqueta de registo: 00254nam 2200025 450 001 2283408 003 http://id.bnportugal.gov.pt/bib/catbnp/2283408 010 ## $a978-989-40-3129-1 021 ## $aPT$b560831/26 100 ## $a20260401d2026 k y0pory01030103ba 101 0# $apor 102 ## $aPT 105 ## $aa z 000yy 106 ## $ar 200 1# $aGuia de acesso a benefícios fiscais ambientais$e uma abordagem para a sustentabilidade$fcoord. Ana Arromba Dinis, Fábia Fernandes, André Carvalho$gautores Ana Paula Rocha... [et al.] 205 ## $a1ª ed 210 #9 $aCoimbra$cAlmedina,$d2026 215 ## $a217 p.$cil.$d23 cm 701 #1 $92$aRocha,$bAna Paula$4070$31830254 702 #1 $aDinis,$bAna Arromba$4340$31587398 702 #1 $93$aFernandes,$bFábia$4340$31994480 702 #1 $95$aCarvalho,$bAndré$4340$31994481 801 #0 $aPT$bBN$gRPC 966 ## $lBN$mFGMON$x1 966 ## $lBN$mFGMON$x1 971 ## $cssilva$d20260401
|
|
|